Color structure and design. (Record no. 26633)

000 -LEADER
fixed length control field 00861cam a22002651 4500
001 - CONTROL NUMBER
control field 9382276
003 - CONTROL NUMBER IDENTIFIER
control field OSt
005 - DATE AND TIME OF LATEST TRANSACTION
control field 20170206084548.0
008 - FIXED-LENGTH DATA ELEMENTS--GENERAL INFORMATION
fixed length control field 730824s1963 paua b 000 0 eng
010 ## - LIBRARY OF CONGRESS CONTROL NUMBER
LC control number 63013870
035 ## - SYSTEM CONTROL NUMBER
System control number (OCoLC)681927
040 ## - CATALOGING SOURCE
Original cataloging agency DLC
Transcribing agency OAkU
Modifying agency MnDuStS
-- DLC
042 ## - AUTHENTICATION CODE
Authentication code premarc
050 00 - LIBRARY OF CONGRESS CALL NUMBER
Classification number ND1280
Item number .E48
082 ## - DEWEY DECIMAL CLASSIFICATION NUMBER
Classification number 752
100 1# - MAIN ENTRY--PERSONAL NAME
Personal name Ellinger, Richard G.
Fuller form of name (Richard Gordon)
245 10 - TITLE STATEMENT
Title Color structure and design.
260 ## - PUBLICATION, DISTRIBUTION, ETC. (IMPRINT)
Place of publication, distribution, etc. Scranton, Pa.,
Name of publisher, distributor, etc. International Textbook Co.
Date of publication, distribution, etc. [1963]
300 ## - PHYSICAL DESCRIPTION
Extent xiii, 144 p.
Other physical details illus. (part col.)
Dimensions 24 cm.
490 0# - SERIES STATEMENT
Series statement International textbooks in art education
504 ## - BIBLIOGRAPHY, ETC. NOTE
Bibliography, etc Bibliography: p. 139.
906 ## - LOCAL DATA ELEMENT F, LDF (RLIN)
a 7
b cbc
c oclcrpl
d u
e ncip
f 19
g y-gencatlg
942 ## - ADDED ENTRY ELEMENTS (KOHA)
Source of classification or shelving scheme
Koha item type Hard Covered Materials
Classification part ND 1280 .E48 1963
Holdings
Withdrawn status Lost status Source of classification or shelving scheme Damaged status Not for loan Home library Current library Shelving location Date acquired Source of acquisition Total Checkouts Full call number Barcode Date last seen Price effective from Koha item type
          MACHAKOS UNIVERSITY LIBRARY MACHAKOS UNIVERSITY LIBRARY Open shelf 06/02/2017 Donation (BFA)   ND 1280 .E48 1963 34363 06/02/2017 06/02/2017 Hard Covered Materials
© Machakos University Library, Along The Highway, Machakos Wote Rd, Machakos, Kenya P.O. Box 136 - 90100 Machakos - Kenya

Tel: ( +254 ) 723 805829 OR Fax : 044-20353 OR Email: library@mksu.ac.ke